000 00777nam a2200253Ia 4500
003 OSt
005 20220926013157.0
006 a|||||r|||| 00| 0
007 ta
008 220923b |||||||| |||| 00| 0 eng d
020 _a061315567
037 _cGeneral Book
040 _aRTL
_cRTL
_beng
041 _2eng
_aeng
082 _aV53.L8, L1
100 _aChill Emanuel Ed.
_9317910
245 0 _aPower, property and history
_b Barnave's Introduction to the French Revolution and Other Writings
260 _aNew York
_bHarper and Row USA
_c1971
300 _aviii, 156p
_ccm.
500 _aAppendix: P 133-49; Index:P.150-56
650 _aEurope History
_914786
942 _hV53.L8, L1
_cGB
_2CC
999 _c625348
_d625348